000 00786nas a2200265 4500
001 BR7908786
003 BR-BrBNA
005 20231205084048.0
007 ta
008 230509b bl.|||p| |||| 00| 00por d
040 _aBR-BrBNA
_bpor
_cBiblioteca Nacional de Agricultura
041 _a(Pt)
072 _aL50
100 1 _aFerreira, C.L. de L.F.
245 1 _aO acido orotico; sua funcao fisiologica
650 _aACIDO OROTICO
650 _aMETABOLISMO
650 _aLIPIDIO
650 _aCOLESTEROL
650 _aLABORATORIO
650 _aANIMAL DE LABORATORIO
773 0 _tRevista do Instituto de Laticinios Candido Tostes (Brazil)
_xISSN 0100-3674
_g(Sep-Oct 1979), v. 34(205) p. 25-27
_wBR7908786
909 _a202311
_bLúcia
_c55
_dLúcia Elande
942 _2AGRIS
_n0
_cANA
999 _c102886
_d102886